| 000 | 00755nam a2200193 u 4500 | ||
|---|---|---|---|
| 001 | 000658069 | ||
| 003 | AM-YeHGA | ||
| 005 | 20250617141502.0 | ||
| 008 | 090513s1977 ||||||||||||||||||||rus|c | ||
| 040 | _aAM-YeHGA | ||
| 041 | 0 | _arus | |
| 245 | 0 | 0 |
_aОчерки русской культуры XVI века / _cПод ред. А.В. Арциховского. |
| 260 |
_aМосква : _bИзд-во Моск. ун-та, _c1977. |
||
| 300 | _aч. | ||
| 505 | 0 | 0 |
_gЧ. 1 (1977, 384 с.) : _tМатериальная культура _gЧ. 2 (1977, 445 с.) : _tДуховная культура |
| 650 | 1 | 4 |
_aКультура в целом. Цивилизация _zРоссия |
| 700 | 1 |
_aАрциховский, А.В _eред. _4edt |
|
| 090 | _c241258 | ||
| 999 |
_c239683 _d239683 |
||